Lojálny zamestnanec je ten, ktorý je spokojný
Fluktuácia a trh práce. Finančná kríza a neistota. Stabilita alebo zmena. Vonkajšia a vnútorná motivácia zamestanancov. Interná komunikácia a lojalita. Mzdové podmienky a fluktuácia. Plánovanie a prevencia ako nástroj analýzy pracovných pozícií.
Enregistré dans:
| Auteur principal: | |
|---|---|
| Format: | Chapitre de livre |
| Langue: | slovaque |
| Sujets: | |
| Tags: |
Pas de tags, Soyez le premier à ajouter un tag!
|
MARC
| LEADER | 00000naa$a2200000$$$4500 | ||
|---|---|---|---|
| 001 | 0099289 | ||
| 005 | 20230908072057.4 | ||
| 041 | 0 | |a slo | |
| 044 | |a SK | ||
| 245 | 1 | 0 | |a Lojálny zamestnanec je ten, ktorý je spokojný |c Zuzana Voštenáková |
| 520 | |a Fluktuácia a trh práce. Finančná kríza a neistota. Stabilita alebo zmena. Vonkajšia a vnútorná motivácia zamestanancov. Interná komunikácia a lojalita. Mzdové podmienky a fluktuácia. Plánovanie a prevencia ako nástroj analýzy pracovných pozícií. | ||
| 610 | 2 | 0 | |a komunikácia interná |
| 610 | 2 | 0 | |a manažment personálny |
| 610 | 2 | 0 | |a kríza hospodárska |
| 610 | 2 | 0 | |a nezamestnanosť |
| 610 | 2 | 0 | |a kultúra podniková |
| 610 | 2 | 0 | |a fluktuácia |
| 610 | 2 | 0 | |a lojálnosť zamestnancov |
| 610 | 2 | 0 | |a trh práce |
| 100 | 1 | |a Voštenáková, Zuzana | |